| 000 | 00418ntaaa2200169 4500 | ||
|---|---|---|---|
| 003 | 01 | ||
| 005 | 20251027201604.0 | ||
| 008 | 0714s1973 ag 01 | ||
| 040 |
_aAR-BaBN _bspa _cAR-BaBN _eaacr _dRIC |
||
| 082 | _a230.0000 R52 | ||
| 100 |
_aRivoire, Enrique _914504 |
||
| 245 | _aPor qué somos cristianos | ||
| 250 |
_a1 ed. : _bJunta de Publicaciones, _cc1946 |
||
| 300 | _a45 p. | ||
| 650 | _aTeología | ||
| 942 | _cBK | ||
| 999 |
_c10477 _d10477 |
||